000
00287nam a2200133Ia 4500
100
_a
Robbins/S.P.
942
_c
BK
654
_a
production
245
_a
Administrative process
260
_b
prentice hall
_a
New Delhi
_c
1988
082
_a
658
_b
ROB
300
_a
461
546
_a
ENGLISH
999
_c
33873
_d
33873